000 00260nam a2200109Ia 4500
008 220204s9999 xx 000 0 und d
082 _a678.028NOV
_bVUL
245 0 _aVulcanization with Novor 924
650 _aNovor 924
650 _aVulcanization
942 _cBK
999 _c40104
_d40104